Henry VIII (Record no. 170207)

MARC details
000 -LEADER
campo de control de longitud fija 00768nam a22002175i 4500
001 - NÚMERO DE CONTROL
campo de control 170207
003 - IDENTIFICADOR DE NÚMERO DE CONTROL
campo de control ES-MaACL
005 - FECHA Y HORA DE LA ÚLTIMA TRANSACCIÓN
campo de control 20250302001306.0
008 - DATOS DE LONGITUD FIJA--INFORMACIÓN GENERAL
campo de control de longitud fija 090211s1919 fr |||| | fre d
080 ## - NÚMERO DE LA CLASIFICACIÓN DECIMAL UNIVERSAL
Número de la Clasificación Decimal Universal 782.1
100 1# - ENTRADA PRINCIPAL--NOMBRE DE PERSONA
Nombre de persona Détroyat, Léonce.
9 (RLIN) 138116
245 10 - MENCIÓN DEL TÍTULO
Título Henry VIII
Resto del título : opéra en quatre actes et cinq tableaux /
Mención de responsabilidad, etc. par Leonce Detroyat & Armand Silvestre ; musique de Camille Saint-Saëns.
250 ## - MENCION DE EDICION
Mención de edición 14eme. ed.
260 ## - PUBLICACIÓN, DISTRIBUCIÓN, ETC.
Lugar de publicación, distribución, etc. Paris :
Nombre del editor, distribuidor, etc. P.- V. Stock,
Fecha de publicación, distribución, etc. 1919.
300 ## - DESCRIPCIÓN FÍSICA
Extensión 49 p. ;
Dimensiones 18 cm.
650 14 - PUNTO DE ACCESO ADICIONAL DE MATERIA--TÉRMINO DE MATERIA
Término de materia o nombre geográfico como elemento de entrada Óperas-
Subdivisión de forma Libretos.
9 (RLIN) 137584
700 1# - ENTRADA AGREGADA--NOMBRE PERSONAL
Nombre de persona Silvestre, Armand.
9 (RLIN) 106436
700 0# - ENTRADA AGREGADA--NOMBRE PERSONAL
Nombre de persona Saint-Saëns, Camille,
Fechas asociadas al nombre 1835-1921
9 (RLIN) 101553
852 ## - LOCALIZACIÓN
Ubicación ES-MaACL
Número de control de estantería 2247-F-20
itemnumber R.140987
Nota libre .- Biblioteca Jacinto Martínez Lacalle
Holdings
Estatus retirado Estado de pérdida Estado de daño No para préstamo Colección Biblioteca de origen Biblioteca actual Ubicación en estantería Fecha de adquisición Fuente de adquisición Total de préstamos Signatura topográfica completa Código de barras Visto por última vez Precio de reemplazo Tipo de ítem Koha
        Colección de folletos Biblioteca del Ateneo de Madrid Biblioteca del Ateneo de Madrid Depósito folletos 11/02/2009     2247-F-20 1178693 23/02/2023 23/02/2023 Folleto